00319nam a2200121Ia 45000030006000000080041000060400015000471000030000622450045000922600031001375460012001680050017001800STCL150530s9999 xx 000 0 und d aSTCLcSTCL aZukerman, S.; Smith, G.E. aBulletin of the Madras Government museum bGovernment of Madrasc1930 aEnglish20220125170418.0